Por el buen uso de los recursos públicos : (Registro nro. 5926)

Detalles MARC
000 -LEADER
fixed length control field 01129nam a2200253Ia 4500
003 - CONTROL NUMBER IDENTIFIER
control field OSt
005 - DATE AND TIME OF LATEST TRANSACTION
control field 20200831222005.0
008 - FIXED-LENGTH DATA ELEMENTS--GENERAL INFORMATION
fixed length control field 191128s2003 ck a gr 000 0 spa d
020 ## - INTERNATIONAL STANDARD BOOK NUMBER
International Standard Book Number 9586824489
040 ## - CATALOGING SOURCE
Original cataloging agency CO-JMCR
Transcribing agency CO-JMCR
041 0# - LANGUAGE CODE
Language code of text/sound track or separate title spa
082 04 - DEWEY DECIMAL CLASSIFICATION NUMBER
Classification number 351.7232 /
Item number C657p
Edition number 23
110 1# - MAIN ENTRY--CORPORATE NAME
Corporate name or jurisdiction name as entry element Colombia.
Subordinate unit Contraloría General de la República
9 (RLIN) 6721
245 10 - TITLE STATEMENT
Title Por el buen uso de los recursos públicos :
Remainder of title planes de mejoramiento de la gestión del Estado /
Statement of responsibility, etc. Contraloría General de la República
250 ## - EDITION STATEMENT
Edition statement Primera edición
260 ## - PUBLICATION, DISTRIBUTION, ETC.
Place of publication, distribution, etc. Bogotá :
Name of publisher, distributor, etc. Alfaomega,
Date of publication, distribution, etc. 2003
300 ## - PHYSICAL DESCRIPTION
Extent 205 páginas :
Other physical details ilustraciones a blanco y negro ;
Dimensions 24 cm.
505 0# - FORMATTED CONTENTS NOTE
Formatted contents note Alcances y características del programa -- Manejo contable y financiero -- Problemas en contratación -- Situación del control interno entidades y actividades especiales -- Entidades en liquidación -- Planes de mejoramiento
650 14 - SUBJECT ADDED ENTRY--TOPICAL TERM
Topical term or geographic name entry element Administración pública
Geographic subdivision Colombia
9 (RLIN) 9177
650 14 - SUBJECT ADDED ENTRY--TOPICAL TERM
Topical term or geographic name entry element Control interno
Geographic subdivision Colombia
9 (RLIN) 9520
650 14 - SUBJECT ADDED ENTRY--TOPICAL TERM
Topical term or geographic name entry element Contratos administrativos
Geographic subdivision Colombia
9 (RLIN) 9521
650 24 - SUBJECT ADDED ENTRY--TOPICAL TERM
Topical term or geographic name entry element Reforma del estado
Geographic subdivision Colombia
9 (RLIN) 9522
942 ## - ADDED ENTRY ELEMENTS (KOHA)
Source of classification or shelving scheme Dewey Decimal Classification
Koha item type Books
Existencias
Withdrawn status Lost status Source of classification or shelving scheme Damaged status Not for loan Collection code Home library Current library Date acquired Source of acquisition Full call number Barcode Date last seen Copy number Koha item type Public note
    Dewey Decimal Classification     Non-fiction Biblioteca Pública José María del Castillo y Rada Biblioteca Pública José María del Castillo y Rada 04/15/2018 Donación 351.7232 / C657p 430009898 05/16/2024 Ej.1 Books Exlibris: dedicatoria y rúbrica del autor.